| 000 | 00978nam a22002657a 4500 | ||
|---|---|---|---|
| 003 | DO-SdBNP | ||
| 005 | 20211104125531.0 | ||
| 007 | ta | ||
| 008 | 211104b2007 a|o|d |||| 001 0 spa d | ||
| 020 | _a9945170163 | ||
| 040 |
_aDO-SdBNP _bspa _cBNPHU |
||
| 082 | 4 |
_222 _bP433b _a015.97293 |
|
| 100 | 1 |
_aPerdomo, Dato Pagán _980489 |
|
| 245 | 1 | 0 |
_aBibliografía general de la isla de Santo Domingo : _bcontribución a su estudio / _cDato Pagán Perdomo |
| 260 |
_aSanto Domingo : _bAlfa & Omega _c1979. |
||
| 300 |
_a560 p. : _bil.; _c25 cm |
||
| 490 |
_aCientífica ; (Universidad Nacional del Este), IX, (9) _vv.1 |
||
| 500 | _aIncluye índice de Autores, Titulos y Materias. | ||
| 504 | _aIncluye datos biográficos del autor, en la contraportada del libro. | ||
| 590 | _aInventariado, 2021 / SA | ||
| 650 | 4 | 0 |
_aBibliografía _xHispaniola _980490 |
| 650 | 4 | 0 |
_aHispaniola _yRepública Dominicana _980491 |
| 650 | 4 |
_aBibliografía dominicana _930479 |
|
| 942 |
_2ddc _cLBS1 |
||
| 999 |
_c50874 _d50874 |
||